Statistics for Personal pronoun - European languages

Click here to take the quiz!

General Stats

  • This quiz has been taken 12 times
  • The average score is 113 of 273

Answer Stats

HintAnswer% Correct
her (she)
90%
him (he)
90%
it
90%
engme (I)
90%
framoi (je)
90%
them (they)
90%
us (we)
90%
you
90%
gerich
80%
nous
80%
toi (tu)
80%
vous
80%
du
70%
elle
70%
elles
70%
er
70%
es
70%
poteu
70%
eux (ils)
70%
ihr
70%
itaio
70%
lui (il)
70%
Sie
70%
sie
70%
tu
70%
70%
tu
70%
tu
70%
tu
70%
wir
70%
él
60%
ela
60%
elas
60%
ele
60%
eles
60%
ella
60%
ella
60%
ellas
60%
nedik
60%
cz
60%
rusя (ja)
60%
scrja / ја
60%
slkja
60%
polja
60%
mi / ми
60%
mi, me
60%
my
60%
noi
60%
nós
60%
nosotros
60%
on
60%
on
60%
он (on)
60%
on / он
60%
ona / она
60%
ona
60%
ona
60%
one / оне
60%
one
60%
one
60%
oni / они
60%
oni
60%
oni
60%
ти (ti)
60%
ti
60%
ti / ти
60%
ty
60%
vi / ви
60%
vi
60%
vi, ve
60%
voi
60%
voi
60%
vós
60%
vosotros
60%
espyo
60%
du
50%
el
50%
ell
50%
elles
50%
ellos
50%
ells
50%
romeu
50%
slnjaz
50%
danjeg
50%
norjeg
50%
lei
50%
lui
50%
ми (my)
50%
мы (my)
50%
noi
50%
ön
50%
она (ona)
50%
они (oni)
50%
оно (ono)
50%
ono
50%
ono / оно
50%
ono
50%
pan / pani
50%
państwo
50%
ты (ty)
50%
ty
50%
ukrти (ty)
50%
usted
50%
ustedes
50%
Vi / Ви
50%
você
50%
Ви (Vy)
50%
ви (vy)
50%
vy
50%
Вы (Vy)
50%
вы (vy)
50%
wy
50%
lit
40%
bulаз (az)
40%
de
40%
den, det
40%
dumneavoastră
40%
ea
40%
greεγώ (egó)
40%
ele
40%
han
40%
het
40%
hon
40%
hun
40%
hun
40%
swejag
40%
macјас (jas)
40%
Lei
40%
Loro
40%
loro
40%
irl
40%
scomi
40%
finminä
40%
estmina
40%
ona
40%
ona / она
40%
sinä
40%
sina
40%
він (vin)
40%
vocês
40%
вона (vona)
40%
воно (vono)
40%
вони (vony)
40%
αυτοί (aftí)
30%
αυτό (aftó)
30%
αυτός (aftós)
30%
aħna
30%
az
30%
azok
30%
turben
30%
biz
30%
chi
30%
c'hwi
30%
De
30%
De
30%
dere
30%
é
30%
e
30%
ei
30%
hunén
30%
e / o / ef
30%
lates
30%
welfi / i
30%
hän
30%
he
30%
hi
30%
hij
30%
hi(ja)
30%
hu(wa)
30%
í
30%
i
30%
iad
30%
int(i)
30%
intom
30%
яна (jana)
30%
яно (jano)
30%
яны (jany)
30%
maljien(a)
30%
jij
30%
catjo
30%
belён (jon)
30%
me
30%
breme
30%
nhw
30%
ni
30%
ni
30%
ő
30%
ők
30%
önök
30%
ony
30%
sen
30%
sibh
30%
sibh
30%
sinn
30%
sinn / muid
30%
siz
30%
te
30%
te
30%
te
30%
thu
30%
ti
30%
ti / di
30%
30%
wij
30%
αυτά (aftá)
20%
αυτές (aftés)
20%
αυτή (aftí)
20%
aj
20%
ajo
20%
ate
20%
ato
20%
εμείς (emís)
20%
20%
ниe (nie)
20%
εσύ (esí)
20%
εσείς (esís)
20%
gu
20%
haiek, beraiek
20%
hi
20%
huma
20%
hura, bera
20%
I
20%
i(nt)
20%
ji
20%
jie
20%
jis
20%
jos
20%
ju
20%
jullie
20%
jūs
20%
meie
20%
mes
20%
mēs
20%
mi
20%
ne
20%
ne
20%
need
20%
nemad
20%
basni
20%
nosaltres
20%
o
20%
ona
20%
onlar
20%
se
20%
see
20%
sizler
20%
таа (taa)
20%
те (te)
20%
teie
20%
tema
20%
ti
20%
тие (tie)
20%
то (to)
20%
тоа (toa)
20%
той (toy)
20%
тој (toy)
20%
tu
20%
тя (tya)
20%
u
20%
albunë
20%
Вие (Vie)
20%
вие (vie)
20%
viņa
20%
viņas
20%
viņi
20%
viņš
20%
vosaltres
20%
vostè
20%
vostès
20%
zij
20%
zij
20%
zu
20%
zuek
20%

Score Distribution

Percentile by Number Answered

Percent of People with Each Score

Your Score History

You have not taken this quiz